Statistics for Breaking Bad Characters

Click here to take the quiz!

General Stats

  • This quiz has been taken 58 times
  • The average score is 12 of 18

Answer Stats

Answer% Correct
Jesse Pinkman
98%
Walter White
96%
Gustavo Fring
93%
Skyler White
83%
Hank Schrader
80%
Saul Goodman
74%
Walter Jr.
74%
Tuco Salamanca
72%
Huell Babineaux
70%
Jane Margolis
70%
Steve Gomez
63%
Lydia Rodarte-Quayle
61%
Todd Alquist
61%
Mike Ehrmantraut
54%
Gale Boetticher
50%
Skinny Pete
50%
Tortuga
48%
Don Eladio
39%

Score Distribution

Percentile by Number Answered

Percent of People with Each Score

Your Score History

You have not taken this quiz